Institutiones Iuris Publici Eclesiastici

-д хадгалсан:
Номзүйн дэлгэрэнгүй
Үндсэн зохиолч: Cavagnis, Félix (Зохиогч)
Формат: Ном
Хэл сонгох:латин
Хэвлэсэн: Roma Desclée, Lefebvre et Soc. 1906
Хэвлэл:4a. ed
Нөхцлүүд:
Шошгууд: Шошго нэмэх
Шошго байхгүй, Энэхүү баримтыг шошголох эхний хүн болох!

MARC

LEADER 00000cam a2200000 a 4500
001 UCD1958
003 CL-VaPUC
008 160407e19060000it |||||||||||||||||lat|d
082 0 4 |a 262.9  |b CAV  |2 21 
100 |a Cavagnis, Félix  |e author  |9 394089 
245 1 0 |a Institutiones Iuris Publici Eclesiastici 
250 |a 4a. ed 
300 |a v 
942 |c BK 
945 |d 20160407 22:06:00  |a dcastane 
260 |a Roma  |b Desclée, Lefebvre et Soc.  |c 1906 
650 7 |a DERECHO CANONICO  |2 CL-VaPUC  |9 585139 
650 0 |a Derecho eclesiástico  |9 255055 
650 0 |a Legislación canónica  |9 585076 
583 |a last modification  |c 20160407 22:06:00  |k Rodrigo Vera 
999 |c 363166  |d 363164 
952 |0 0  |1 0  |3 erd  |4 0  |6 262_900000000000000_CAV_1906  |7 0  |8 X  |9 475008  |a BIBTEO  |b BIBTEO  |c TEO_FFR  |h v.1  |i 522070K  |o 262.9 CAV 1906  |p 522070K  |r 2024-01-18  |w 2019-11-24  |y BK_X  |z Catalogado en:20160407  |k OFM 
952 |0 0  |1 0  |3 erd  |4 0  |6 262_900000000000000_CAV_1906  |7 0  |8 X  |9 475009  |a BIBTEO  |b BIBTEO  |c TEO_FFR  |h v.2-3  |i 5220718  |o 262.9 CAV 1906  |p 5220718  |r 2024-01-18  |w 2019-11-24  |y BK_X  |z Catalogado en:20160407  |k OFM